<?xml version="1.0" encoding="UTF-8"?>
<collection xmlns="http://www.loc.gov/MARC21/slim">
<record>
  <controlfield tag="001">170343</controlfield>
  <controlfield tag="005">20260410165451.0</controlfield>
  <datafield tag="024" ind1="8" ind2=" ">
    <subfield code="2">sideral</subfield>
    <subfield code="a">148840</subfield>
  </datafield>
  <datafield tag="037" ind1=" " ind2=" ">
    <subfield code="a">ART-2025-148840</subfield>
  </datafield>
  <datafield tag="041" ind1=" " ind2=" ">
    <subfield code="a">eng</subfield>
  </datafield>
  <datafield tag="100" ind1=" " ind2=" ">
    <subfield code="a">Torres-Reyes, A.M.</subfield>
  </datafield>
  <datafield tag="245" ind1=" " ind2=" ">
    <subfield code="a">Correlación entre variables sociodemográficas docentes y calidad educativa en primera infancia</subfield>
  </datafield>
  <datafield tag="260" ind1=" " ind2=" ">
    <subfield code="c">2025</subfield>
  </datafield>
  <datafield tag="520" ind1="3" ind2=" ">
    <subfield code="a">Introducción: 
La atención escolar estatal hacia la primera infancia en Colombia posee dos modalidades: Educación Inicial Familiar (IFI) y Centro de Desarrollo Infantil (CDI). Estas no solo posibilitan el acceso a la educación sino también —dadas las condiciones del país—, se constituyen en un escenario para la restitución de derechos en la infancia. En el centro educativo objeto de estudio, ya está en funcionamiento la modalidad IFI y se proyectó implementar la modalidad CDI, lo cual conllevó a un contexto de transición que enmarcó el presente trabajo. 

Método: 
Se realizó un estudio de tipo descriptivo correlacional, de corte transversal, a través de un muestreo censal de 18 docentes, evaluando su percepción respecto a tres componentes de calidad: familia, comunidad y redes sociales; proceso pedagógico; y ambientes educativos y protectores. 

Resultados: 
Se identificaron correlaciones significativas entre el sexo y los estándares de caracterización, proyectos pedagógicos y ambientes enriquecidos; entre la antigüedad y los estándares de ambientes enriquecidos, encuentros de reflexión, infraestructura física segura, accesibilidad y movilidad, y protocolo de control de riesgos y manejo de accidentes; y entre el rol y los estándares de registro civil, pacto de convivencia, acciones de cuidado, y servicios públicos, sin hallar correlación significativa con la edad. 

Conclusión: 
La implementación efectiva de la modalidad CDI requiere considerar tanto las condiciones estructurales y normativas, como también las percepciones de los agentes educativos, que reflejan directamente la calidad de la atención a la primera infancia y el cumplimiento de sus estándares correspondientes</subfield>
  </datafield>
  <datafield tag="506" ind1="0" ind2=" ">
    <subfield code="a">Access copy available to the general public</subfield>
    <subfield code="f">Unrestricted</subfield>
  </datafield>
  <datafield tag="540" ind1=" " ind2=" ">
    <subfield code="9">info:eu-repo/semantics/openAccess</subfield>
    <subfield code="a">by-nc-sa</subfield>
    <subfield code="u">https://creativecommons.org/licenses/by-nc-sa/4.0/deed.es</subfield>
  </datafield>
  <datafield tag="655" ind1=" " ind2="4">
    <subfield code="a">info:eu-repo/semantics/article</subfield>
    <subfield code="v">info:eu-repo/semantics/publishedVersion</subfield>
  </datafield>
  <datafield tag="700" ind1=" " ind2=" ">
    <subfield code="a">Castellanos Vega, R.</subfield>
    <subfield code="u">Universidad de Zaragoza</subfield>
    <subfield code="0">(orcid)0000-0001-7484-0262</subfield>
  </datafield>
  <datafield tag="700" ind1=" " ind2=" ">
    <subfield code="a">Villa Valencia, A.</subfield>
  </datafield>
  <datafield tag="710" ind1="2" ind2=" ">
    <subfield code="1">4009</subfield>
    <subfield code="2">735</subfield>
    <subfield code="a">Universidad de Zaragoza</subfield>
    <subfield code="b">Dpto. Psicología y Sociología</subfield>
    <subfield code="c">Área Psicolog.Evolut.Educac</subfield>
  </datafield>
  <datafield tag="773" ind1=" " ind2=" ">
    <subfield code="g">24, 1 (2025)</subfield>
    <subfield code="t">Infancias Imagenes</subfield>
    <subfield code="x">1657-9089</subfield>
  </datafield>
  <datafield tag="856" ind1="4" ind2=" ">
    <subfield code="s">776022</subfield>
    <subfield code="u">http://zaguan.unizar.es/record/170343/files/texto_completo.pdf</subfield>
    <subfield code="y">Versión publicada</subfield>
  </datafield>
  <datafield tag="856" ind1="4" ind2=" ">
    <subfield code="s">2179715</subfield>
    <subfield code="u">http://zaguan.unizar.es/record/170343/files/texto_completo.jpg?subformat=icon</subfield>
    <subfield code="x">icon</subfield>
    <subfield code="y">Versión publicada</subfield>
  </datafield>
  <datafield tag="909" ind1="C" ind2="O">
    <subfield code="o">oai:zaguan.unizar.es:170343</subfield>
    <subfield code="p">articulos</subfield>
    <subfield code="p">driver</subfield>
  </datafield>
  <datafield tag="951" ind1=" " ind2=" ">
    <subfield code="a">2026-04-10-13:46:56</subfield>
  </datafield>
  <datafield tag="980" ind1=" " ind2=" ">
    <subfield code="a">ARTICLE</subfield>
  </datafield>
</record>
</collection>